Fundamentals of life insurance : (Record no. 32942)
[ view plain ]
| 000 -LEADER | |
|---|---|
| fixed length control field | 00898cam a2200217 a 4500 |
| 005 - DATE AND TIME OF LATEST TRANSACTION | |
| control field | 20090924191526.0 |
| 008 - FIXED-LENGTH DATA ELEMENTS--GENERAL INFORMATION | |
| fixed length control field | 060803s2007 njua b 001 0 eng |
| 010 ## - LCCN (DPL NO) | |
| LC control number | ENG-95642 |
| 020 ## - INTERNATIONAL STANDARD BOOK NUMBER | |
| International Standard Book Number | 9788120339255 |
| Terms of availability | 175.00 |
| 035 ## - SYSTEM CONTROL NUMBER | |
| System control number | EN-79175 |
| 037 ## - SOURCE OF ACQUISITION | |
| Stock number | DBAD/PUB |
| 040 ## - CATALOGING SOURCE | |
| Original cataloging agency | DPL |
| 100 ## - MAIN ENTRY--PERSONAL NAME | |
| Personal name | Mishra, Kaninika |
| 245 ## - TITLE STATEMENT | |
| Title | Fundamentals of life insurance : |
| Statement of responsibility, etc | by Kaninika Mishra |
| Remainder of title | theories and applications |
| 260 ## - PUBLICATION, DISTRIBUTION, ETC. (IMPRINT) | |
| Place of publication, distribution, etc | New Delhi : |
| Name of publisher, distributor, etc | PHI Learning P. Ltd. |
| Date of publication, distribution, etc | 2009 |
| 300 ## - PHYSICAL DESCRIPTION | |
| Extent | xiii, 201p. : |
| Dimensions | 24 cm. (Pbk) |
| 500 ## - GENERAL NOTE | |
| General note | Includes Glossary and indexes. |
| 942 ## - ADDED ENTRY ELEMENTS (KOHA) | |
| Source of classification or shelving scheme | Dewey Decimal Classification |
| Item type | English Books |
| Call number suffix | MIS |
| Withdrawn status | Lost status | Source of classification or shelving scheme | Damaged status | Not for loan | Collection code | Home library | Current library | Date acquired | Source of acquisition | Cost, normal purchase price | Total Checkouts | Full call number | Barcode | Date last seen | Copy number | Cost, replacement price | Koha item type |
|---|---|---|---|---|---|---|---|---|---|---|---|---|---|---|---|---|---|
| Dewey Decimal Classification | Not For Loan | Non-fiction | D.B.Act.Division | D.B.Act.Division | 15/12/2009 | DBAD / PUB | 175.00 | MIS | EN-79175 | 15/12/2009 | 1 | 175.00 | English Books |
